Hegel, marx, nietzsche, or the realm of shadows (Record no. 139669)

MARC details
000 -LEADER
fixed length control field 00865nam a2200265Ia 4500
003 - CONTROL NUMBER IDENTIFIER
control field OSt
005 - DATE AND TIME OF LATEST TRANSACTION
control field 20220918171447.0
008 - FIXED-LENGTH DATA ELEMENTS--GENERAL INFORMATION
fixed length control field 220917b |||||||| |||| 00| 0 eng d
020 ## - INTERNATIONAL STANDARD BOOK NUMBER
International Standard Book Number 9781788733731 (pbk)
037 ## - SOURCE OF ACQUISITION
Terms of availability Textual
040 ## - CATALOGING SOURCE
Original cataloging agency ARTS
Transcribing agency ARTS
Language of cataloging eng
041 ## - LANGUAGE CODE
Source of code eng
Language code of text/sound track or separate title eng
100 ## - MAIN ENTRY--PERSONAL NAME
Personal name Lefebvre Henri Au.
9 (RLIN) 36749
245 #0 - TITLE STATEMENT
Title Hegel, marx, nietzsche, or the realm of shadows
260 ## - PUBLICATION, DISTRIBUTION, ETC.
Place of publication, distribution, etc. London
Name of publisher, distributor, etc. Verso UK
Date of publication, distribution, etc. 2020
300 ## - PHYSICAL DESCRIPTION
Extent xxi,208p.
Dimensions cm.
650 ## - SUBJECT ADDED ENTRY--TOPICAL TERM
Topical term or geographic name entry element HEGEL; MARX, KARL; PHILOSOPHERS
9 (RLIN) 36750
700 ## - ADDED ENTRY--PERSONAL NAME
Personal name Frenbach David Tr.
9 (RLIN) 36751
942 ## - ADDED ENTRY ELEMENTS (KOHA)
Classification part R3xL70:g, R0
Koha item type Textual
Source of classification or shelving scheme Colon Classification (CC)
Holdings
Withdrawn status Lost status Damaged status Not for loan Home library Current library Date acquired Source of acquisition Total Checkouts Full call number Barcode Date last seen Date last checked out Price effective from Koha item type
        Arts Library Arts Library 2022-09-18 1880, 16/12/2021, Bright Book Service 2 R3xL70:g R0 AL1665756 2025-06-03 2025-05-27 2022-09-18 Textual
Copyright @ Delhi University Library System